Los retrasados no existen. Psicoanálisis de niños con fracaso escolar
Guardat en:
| Autor principal: | |
|---|---|
| Format: | Llibre |
| Idioma: | espanyol |
| Publicat: |
Buenos Aires
Nueva Visión
1994
|
| Edició: | 1a. ed |
| Col·lecció: | Psicología Contemporánea
|
| Matèries: | |
| Etiquetes: |
Afegir etiqueta
Sense etiquetes, Sigues el primer a etiquetar aquest registre!
|
MARC
| LEADER | 00000nam a2200000 a 4500 | ||
|---|---|---|---|
| 001 | UCG5893 | ||
| 003 | CL-VaPUC | ||
| 008 | 110324e19940000AG |||||||||||||||||spa|d | ||
| 020 | |a 9506023077 | ||
| 082 | 0 | 4 | |a 370.15 |b COR |2 21 |
| 100 | 0 | |a Cordié, Anny |e author |9 555792 | |
| 245 | 1 | 4 | |a Los retrasados no existen. Psicoanálisis de niños con fracaso escolar |
| 250 | |a 1a. ed | ||
| 300 | |a 299 p | ||
| 942 | |c BK | ||
| 945 | |d 20110324 00:00:00 |a jcampos | ||
| 260 | |a Buenos Aires |b Nueva Visión |c 1994 | ||
| 650 | 0 | |a Adolescentes |9 308058 | |
| 650 | 0 | |a Niños |9 255605 | |
| 650 | 7 | |a FRACASO ESCOLAR |2 CL-VaPUC |9 308828 | |
| 583 | |a last modification |c 20110324 00:00:00 |k Rodrigo Vera | ||
| 490 | 0 | |a Psicología Contemporánea | |
| 999 | |c 344232 |d 344230 | ||
| 952 | |0 0 |1 0 |4 0 |6 370_150000000000000_COR_1994 |7 0 |8 A |9 442099 |a BIBEDU |b BIBEDU |d 2019-11-22 |i 4757793 |o 370.15 COR 1994 |p 4757793 |r 2019-11-22 |w 2019-11-22 |y BK |k EPE | ||